| 000 | 00505 a2200157 4500 | ||
|---|---|---|---|
| 999 |
_c2081 _d2081 |
||
| 020 | _a0416746306 | ||
| 050 | _aHF 1411 ANE 1980 | ||
| 100 |
_aAnell, Lars _eauthor |
||
| 245 |
_aThe developing countries and the world economic order: _cLars Anell and Birgitta Nygren |
||
| 264 |
_aLondon : _b Methuen, _c1980 |
||
| 300 | _a217 p.: | ||
| 500 | _aincludes bibliographical references and indexes. | ||
| 650 | _aThe world economic order | ||
| 700 |
_aBirgitta Nygren _eauthor |
||
| 942 |
_2lcc _cBK _h1411 _iANE _kHF |
||